LIBRARY & INFORMATION CENTRE, KCAET, TAVANUR

ONLINE PUBLIC ACCESS CATALOGUE (OPAC)

Building onstruction - Volume -4- Metric Edition (Record no. 14633)

MARC details
000 -LEADER
fixed length control field 00356nam a22001457a 4500
020 ## - INTERNATIONAL STANDARD BOOK NUMBER
ISBN 9789332508255
082 ## - DEWEY DECIMAL CLASSIFICATION NUMBER
Classification number 690.
Item number MCK/BU
100 ## - MAIN ENTRY--AUTHOR NAME
Personal name Mckay, J.M.
245 ## - TITLE STATEMENT
Title Building onstruction - Volume -4- Metric Edition
250 ## - EDITION STATEMENT
Edition statement 4 th
260 ## - PUBLICATION, DISTRIBUTION, ETC. (IMPRINT)
Place of publication Chennai
Name of publisher Pearson
Year of publication 2013
300 ## - PHYSICAL DESCRIPTION
Number of Pages 276
500 ## - GENERAL NOTE
General note with drawings by the author
942 ## - ADDED ENTRY ELEMENTS (KOHA)
Koha item type Books
Holdings
Withdrawn status Lost status Damaged status Collection code Home library Current library Shelving location Date acquired Source of acquisition Cost, normal purchase price Full call number Accession Number Koha item type
        KAUAET KAUAET General Stacks 22/07/2016 Professional Book Centre. 450.00 690. MCK/BU 24262 Books
free website counter